Joueurs albaniens sélectionnés à l'Euro 2024 - Statistiques

Statistiques générales
  • Ce quiz a été pris 11 fois
  • Le résultat moyen est 9 sur 26
Statistiques - réponses
Poste Club Numéro Joueur % Correct
Attaquant Fulham (Angleterre) 11 Armando Broja
73%
Milieu de terrain US Sassuolo (Italie) 10 Nedim Bajrami
73%
Défenseur Lazio (Italie) 4 Elseid Hysaj
55%
Gardien Brentford (Angleterre) 23 Thomas Strakosha
55%
Gardien FC Empoli (Italie) 1 Etrit Berisha
45%
Défenseur Rayo Vallecano (Espagne) 2 IIván Balliu
45%
Attaquant Gwangju FC (Corée du Sud) 9 Jasir Asani
45%
Milieu de terrain Inter Milan (Italie) 21 Kristjan Asslani
45%
Attaquant US Lecce (Italie) 16 Medon Berisha
45%
Défenseur Lokomotiv Moscou (Russie) 3 Mario Mitaj
36%
Défenseur FC Empoli (Italie) 18 Adrian Ismajli
27%
Attaquant Dinamo Zagreb (Croatie) 26 Arbër Hoxha
27%
Défenseur CRF Cluj (Roumanie) 5 Arlind Ajeti
27%
Défenseur Atalanta Bergame (Italie) 6 Berat Djimsiti
27%
Gardien AS Cittadella (Italie) 12 Elhan Kastrati
27%
Attaquant Beşiktaş (Turquie) 17 Ernest Muçi
27%
Défenseur US Sassuolo (Italie) 24 Marash Kumbulla
27%
Attaquant Rubin Kazan (Russie) 19 Mirlind Daku
27%
Milieu de terrain Sparta Prague (Tchéquie) 14 Qazim Laçi
27%
Milieu de terrain US Lecce (Italie) 20 Ylber Ramadani
27%
Milieu de terrain Grasshopper Club Zurich (Suisse) 22 Amir Abrashi
18%
Défenseur Famalicão (Portugal) 13 Enea Mihaj
18%
Milieu de terrain SV Darmstadt 98 (Allemagne) 8 Klaus Gjasula
18%
Attaquant Sivasspor (Turquie) 7 Rey Manaj
18%
Sélectionneur - - Sylvinho
18%
Milieu de terrain Baniyas SC (Émirats Arabes Unis) 15 Taulant Seferi
18%
Aucun quiz correspondant
Distribution des résultats
% des personnes avec chaque résultat
Percentile par nombre de réponses
Votre historique - résultats
Vous n’avez pas pris ce quiz